| 000 | 00761nam a2200193 a 4500 | ||
|---|---|---|---|
| 003 | 0 | ||
| 005 | 20250528101539.0 | ||
| 008 | 021122s19uu xx 00 eng d | ||
| 050 |
_aPHS HC 455 _b.D45 2002 |
||
| 100 | _aDel Rosario, Kristopher Martin. | ||
| 245 |
_aThe Perceived effects of terrorism on the Philippine economy / _cKristopher Martin Del Rosario. |
||
| 260 |
_aLas PiƱas City, Philippines : _bSouthville International School and Colleges, _c2002. |
||
| 300 |
_a41 pages : _billustrations ; _c28 cm. |
||
| 504 | _aIncludes bibliographical references. | ||
| 650 |
_aTerrorism _xEconomic aspects _zPhilippines. |
||
| 650 |
_aTerrorism _xEconomic aspects _zPhilippines. |
||
| 650 |
_aPhilippines _xEconomic conditions _v21st century. |
||
| 942 |
_2lcc _cPASS |
||
| 999 |
_c96698 _d96698 |
||